| 000 | 00925cam a2200265 a 4500 | ||
|---|---|---|---|
| 001 | 15236886 | ||
| 005 | 20180306045851.0 | ||
| 008 | 080328s2008 nyua b 001 0 eng | ||
| 010 | _a 2008013878 | ||
| 020 | _a9780385519014 (hbk.) | ||
| 020 | _a038551901X (hbk.) | ||
| 035 | _a(OCoLC)ocn215176047 | ||
| 035 | _a(OCoLC)215176047 | ||
| 040 |
_aDLC _cDLC _dBAKER _dC#P _dYDXCP _dBWX _dDLC |
||
| 041 | _aeng | ||
| 080 | _a338.927 SEN | ||
| 082 | 0 | 0 |
_a338.927 SEN _222 |
| 100 | _a58 | ||
| 101 | _aBIZ | ||
| 245 | 0 | 4 |
_aThe necessary revolution : _cPeter Senge ... [et al.]. |
| 504 | _aIncludes bibliographical references (p. 387-399) and index. | ||
| 906 |
_a7 _bcbc _corignew _d1 _eecip _f20 _gy-gencatlg |
||
| 942 |
_2ddc _cBK |
||
| 999 |
_c44156 _d44156 |
||